000 00776cab a22002175a 4500
001 L143931
008 080606s2008 xxk f 000 0 eng d
035 _a(Sirsi) u143931
041 _aeng
100 1 _aFirth, Anne
245 0 2 _aA mathematical solution
260 _c2008
490 0 _aInsight
_vJune 2008, 23(2)
520 _aExplains how to calculate business rate transitional relief under the 2005 valuation list transitional scheme. Uses formulas and practical worked examples.
590 _aKA
650 2 4 _aTRANSITIONAL RELIEF
650 2 4 _aNON-DOMESTIC RATING CONTRIBUTIONS (ENGLAND) (AMENDMENT) REGULATIONS 2004
651 4 _aEngland and Wales
_y1543-
690 _aPROPERTY-COMMERCIAL PROPERTY- COMMERCIAL PROPERTY TAXATION-BUSINESS RATES
942 _n0
999 _c80315
_d80315